Handbook Of Biotechnology/ (Record no. 194915)

MARC details
000 -LEADER
fixed length control field 00866nam a22002057a 4500
005 - DATE AND TIME OF LATEST TRANSACTION
control field 20230317124024.0
010 ## - LCCN (DPL NO)
LC control number ENG-136369 B-746077-80 E.N.A./7.11.22
020 ## - INTERNATIONAL STANDARD BOOK NUMBER
International Standard Book Number 9789354614200
Terms of availability 695.00
035 ## - SYSTEM CONTROL NUMBER
System control number B-746077-80 EN-119901
037 ## - SOURCE OF ACQUISITION
Source of stock number/acquisition Astral International
082 ## - DEWEY DECIMAL CLASSIFICATION NUMBER
Classification number 660.6
245 ## - TITLE STATEMENT
Title Handbook Of Biotechnology/
Statement of responsibility, etc Edited by Saif Hameed and Zeeshan Fatima
260 ## - PUBLICATION, DISTRIBUTION, ETC. (IMPRINT)
Place of publication, distribution, etc New Delhi
Name of publisher, distributor, etc Astral International Pvt. Ltd.
Date of publication, distribution, etc 2022
270 ## - ADDRESS
Address 4736/23,Ansari Road, Daryaganj
City New Delhi
Postal code 110002
Telephone number 011-43549197
300 ## - PHYSICAL DESCRIPTION
Extent xvi,551p.
Dimensions 22cm(pbk)
700 ## - ADDED ENTRY--PERSONAL NAME
Personal name Hameed, Saif
700 ## - ADDED ENTRY--PERSONAL NAME
Personal name Fatima, Zeeshan
942 ## - ADDED ENTRY ELEMENTS (KOHA)
Source of classification or shelving scheme Dewey Decimal Classification
Item type English Books
Call number suffix HAN
Classification part 660.6
Holdings
Withdrawn status Lost status Not for loan Collection code Home library Current library Date acquired Source of acquisition Cost, normal purchase price Full call number Barcode Copy number Cost, replacement price Koha item type
      Non-fiction Ashok Vihar Ashok Vihar 08/02/2023 Astral International/LB-1198/24.11.22/150/23.11.22/30.11.22 695.00 660.6 HAN B-746079 1 695.00 English Books
      Non-fiction Central Library Central Library 08/02/2023 Astral International/LB-1198/24.11.22/150/23.11.22/30.11.22 695.00 660.6 HAN B-746077 1 695.00 English Books
      Non-fiction Katevara Katevara 13/03/2023 DBAD/PUB 695.00 660.6 HAN EN-119901 1   English Books
      Non-fiction Mobile Library Mobile Library 08/02/2023 Astral International/LB-1198/24.11.22/150/23.11.22/30.11.22 695.00 660.6 HAN B-746078 1 695.00 English Books
      Non-fiction Sarojini Nagar Sarojini Nagar 08/02/2023 Astral International/LB-1198/24.11.22/150/23.11.22/30.11.22 695.00 660.6 HAN B-746080 1 695.00 English Books

© Delhi Public Library
Hit Counter
free hit counter